Hudobníci a textári majú zelenú Pripravuje sa 11. ročník Košického zlatého pokladu

Bibliographic Details
Main Author: kx (Author)
Corporate Author: Košický zlatý poklad (Author)
Format: Conference Proceeding Article
Language:Slovak
Subjects:

MARC

LEADER 00000nab a2200000 a 4500
001 vtls000893224
003 SK-MaSNL
005 20260304201112.0
008 040720e19950403xo 0 slo
035 |a KE2259 
040 |a KEVKJB  |b slo  |c KEVKJB  |e AACR2 
041 0 |a slo 
044 |a xo  |c SK 
080 |a 784  |2 1981 
100 0 |a kx  |4 aut  |9 880447 
245 1 0 |a Hudobníci a textári majú zelenú  |b Pripravuje sa 11. ročník Košického zlatého pokladu 
610 2 7 |a Košický zlatý poklad (Košice, Slovensko)  |2 KEVKJB  |9 881989 
650 0 7 |a populárna hudba  |2 KEVKJB  |9 3428 
650 0 7 |a ročník 11.  |2 KEVKJB  |9 886354 
650 0 7 |a súťaž pesničková  |2 KEVKJB  |9 1532622 
650 0 7 |a príprava organizačná  |2 KEVKJB  |9 873322 
650 0 7 |a informácie  |2 KEVKJB  |9 1285 
651 7 |a Košice (Slovensko)  |2 KEVKJB  |9 18694 
655 7 |a periodikum  |2 snkbucl  |9 29553 
711 2 |a Košický zlatý poklad  |c Košice, Slovensko  |4 aut  |9 94881 
773 0 8 |t Košický večer  |g Roč. 6  |g Roč. 28, č.65, 3.4.1995, s. 3 
852 |a ZVYKNI  |b KIS3GCP 
999 |c 3093227  |d 3095157